| 000 | 00617nam a2200181 i 4500 | ||
|---|---|---|---|
| 001 | bg | ||
| 245 | 0 |
_aGeotechnika V / _c[red. nauk. Zygmunt Meyer]. |
|
| 260 |
_aSzczecin : _bWydaw. Uczelniane PS, _c1989. |
||
| 300 |
_a236 s. : _bfot., rys. wykr. ; _c24 cm. |
||
| 490 | 1 |
_aPrace Naukowe Politechniki Szczecińskiej. Instytut Inżynierii Wodnej, _vnr 31 |
|
| 500 | _aSer. gł. : 0208-7154 ; nr 397. | ||
| 830 | 0 |
_aPrace Naukowe Politechniki Szczecińskiej. _pInstytut Inżynierii Wodnej ; _vnr 31 |
|
| 040 | _cBPK | ||
| 041 | _apol | ||
| 080 | _a624.131 | ||
| 942 | _cKS | ||
| 008 | s pl f |000 0 pol | ||
| 999 |
_c29000 _d29000 |
||
| 856 |
_uhttp://koha.tu.koszalin.pl/cgi-bin/koha/opac-detail.pl?biblionumber=29000 _yKatalog online BPK |
||